Online
Catalog

La bioética en la sociedad del conocimiento : (Record no. 15530)

MARC details
000 -CABECERA
campo de control de longitud fija 00859cam a2200253 a 4500
001 - NÚMERO DE CONTROL
campo de control 000015988
005 - FECHA Y HORA DE LA ÚLTIMA TRANSACCIÓN
campo de control 20240514073717.0
008 - DATOS DE LONGITUD FIJA--INFORMACIÓN GENERAL
campo de control de longitud fija 000719s1999 ck b 000 0 spa d
020 ## - NÚMERO INTERNACIONAL ESTÁNDAR DEL LIBRO
Número Internacional Estándar del Libro 9588017327
040 ## - FUENTE DE LA CATALOGACIÓN
Centro catalogador/agencia de origen DO-SdBNP
Lengua de catalogación spa
Centro/agencia transcriptor BNPHU
082 ## - NÚMERO DE LA CLASIFICACIÓN DECIMAL DEWEY
Número de clasificación 174.957
Número de documento/Ítem C394b
100 1# - ENTRADA PRINCIPAL--NOMBRE DE PERSONA
Nombre de persona Cely Galindo, Gilberto,
Fechas asociadas al nombre 1944-
9 (RLIN) 35918
245 13 - MENCIÓN DE TÍTULO
Título La bioética en la sociedad del conocimiento :
Resto del título los pobres del tercer milenio son los que no acceden al conocimiento /
Mención de responsabilidad, etc. Gilberto Cely Galindo.
260 ## - PUBLICACIÓN, DISTRIBUCIÓN, ETC.
Lugar de publicación, distribución, etc. Santafé de Bogotá :
Nombre del editor, distribuidor, etc. 3R. Editores,
Fecha de publicación, distribución, etc. 1999.
300 ## - DESCRIPCIÓN FÍSICA
Extensión 338 p. ;
Dimensiones 24 cm.
490 1# - MENCIÓN DE SERIE
Mención de serie Bioética
504 ## - NOTA DE BIBLIOGRAFÍA, ETC.
Nota de bibliografía, etc. Incluye referencias bibliográficas (p. 333-338).
650 #4 - PUNTO DE ACCESO ADICIONAL DE MATERIA--TÉRMINO DE MATERIA
Término de materia o nombre geográfico como elemento de entrada Bioética
9 (RLIN) 236
650 #4 - PUNTO DE ACCESO ADICIONAL DE MATERIA--TÉRMINO DE MATERIA
Término de materia o nombre geográfico como elemento de entrada Ciencias de la vida
9 (RLIN) 35919
650 #0 - PUNTO DE ACCESO ADICIONAL DE MATERIA--TÉRMINO DE MATERIA
Término de materia o nombre geográfico como elemento de entrada Ética
9 (RLIN) 509
650 #4 - PUNTO DE ACCESO ADICIONAL DE MATERIA--TÉRMINO DE MATERIA
Término de materia o nombre geográfico como elemento de entrada Teoría del conocimiento
9 (RLIN) 13
830 #0 - PUNTO DE ACCESO ADICIONAL DE SERIE-TÍTULO UNIFORME
Título uniforme Bioética
9 (RLIN) 35920
910 ## - DATOS DE OPCIÓN DEL USUARIO (OCLC)
Datos de opción del usuario En proceso
Holdings
Estado de retiro Estado de pérdida Restricciones de uso No para préstamo Código de colección Localización permanente Ubicación/localización actual Ubicación en estantería Fecha de adquisición Número de inventario Total de préstamos Signatura topográfica completa Código de barras Fecha visto por última vez Precio válido a partir de Tipo de ítem Koha
      Excluido de préstamo Monografías: Libros y Folletos General General Depósito 22.02.2010 LF1   174.957 C394b 15988-10 25.06.2020 25.06.2020 No se presta

Powered by Koha